00939nam a2200289Ia 450000500170000000800390001702000190005608200210007510000290009624500870012525000190021230000430023149000210027465000090029565000400030465000260034465000340037070000350040470000280043994200120046726400320047933600270051133700330053833800280057104000350059999900150063420220317001059.0160825s2007 sp a g 000 0 spa a9788466631801204a649.10242 bS66t1 aSpock, Benjamínd1903-10aTu hijocBenjamin Spock, Dr. Michael B. Rothenberg ; traducido por Floreal Mazía a1a. edición  a674 páginasbilustraciones c23 cm  aPara vivir mejor142LEMB142LEMBaNiños xCuidados e higiene 142LEMBaPadres e hijos 142LEMBaEducación de niños 1 aRothenberg, Michael B. 9654301 aMazía, Floreal965431 2ddccBK aBuenos AiresbVergarac2007 atextobtxt2rdacontent asin mediaciónbn2rdamedia avolumenbnc2rdacarrier aCO-BoRNBPbspaerdacCO-BoRNBP c5871d5871